000
00438nam a2200157Ia 4500
008
100122s9999 xx 000 0 und d
082
_b
24535
_a
294.592
100
_a
तुकाराम
245
_a
तुकाराम
260
_b
आर के मित्रा
_c
1941
300
_a
278
630
_a
तुकाराम
700
_a
टिपणीस गो गो
730
_a
तुकाराम
942
_c
BOOK
999
_c
411759
_d
411756